000 00400nam a22001577a 4500
005 20241029153015.0
008 241029b |||||||| |||| 00| 0 eng d
020 _a0-938497-33-2
050 _aZ 285.5 S54 2007
_b1
100 _aSHEPARD AARON
245 _aPERFECT PAGES
260 _aOLYMPIA
_bSHEPARD PUBLICATIONS
_c2007
500 _aINCLUDES INDEX
650 _aPUBLISHING
942 _2lcc
_cBK
999 _c213543
_d213543